00481nam a22001697a 450000500170000001000150001702000260003203500140005803700090007208200130008110000150009424500520010925000060016126000450016727000790021230000200029120250528162319.0 aENG-145010 a9789390627028c600.00 aEN-128542 bDBAD a649.121 aNandini N. aEarly Childhood Care and Education/cNandini N. a1 bKrishna Publication HouseaGujaratc2021 aNo.303, YashKunj Apartment, Devbaug, Anantwadi, BhavnagarbGujarate364002 a296pc21cm (pb)